<?xml version="1.0" encoding="UTF-8"?>
<collection xmlns="http://www.loc.gov/MARC21/slim">
<record>
  <controlfield tag="001">118246</controlfield>
  <controlfield tag="005">20220913100236.0</controlfield>
  <datafield tag="020" ind1=" " ind2=" ">
    <subfield code="a">978-84-1340-538-4</subfield>
  </datafield>
  <datafield tag="024" ind1="7" ind2=" ">
    <subfield code="2">doi</subfield>
    <subfield code="a">10.26754/uz.978-84-1340-538-4</subfield>
  </datafield>
  <datafield tag="037" ind1=" " ind2=" ">
    <subfield code="a">BOOK-2022-021</subfield>
  </datafield>
  <datafield tag="041" ind1=" " ind2=" ">
    <subfield code="a">spa</subfield>
  </datafield>
  <datafield tag="100" ind1=" " ind2=" ">
    <subfield code="a">Giralt Latorre, Javier</subfield>
  </datafield>
  <datafield tag="245" ind1=" " ind2=" ">
    <subfield code="a">Aragonés y catalán en la literatura de Aragón</subfield>
  </datafield>
  <datafield tag="250" ind1=" " ind2=" ">
    <subfield code="a">1ª ed.</subfield>
  </datafield>
  <datafield tag="260" ind1=" " ind2=" ">
    <subfield code="a">Zaragoza</subfield>
    <subfield code="b">Prensas Universitarias</subfield>
    <subfield code="c">2022</subfield>
  </datafield>
  <datafield tag="300" ind1=" " ind2=" ">
    <subfield code="a">360</subfield>
  </datafield>
  <datafield tag="520" ind1=" " ind2=" ">
    <subfield code="a">Este volumen recoge las ponencias que se impartieron en el curso extraordinario de la Universidad de Zaragoza titulado Aragonés y catalán en la literatura de Aragón, celebrado en Jaca en julio de 2021. El lector encontrará en sus páginas una aproximación a la historia de la literatura en Aragón escrita en aragonés y catalán; el panorama de la creación literaria en aragonés y en catalán en nuestra región en época contemporánea (siglos xx y xxi); un análisis de la producción literaria en aragonés y en catalán en el ámbito de la poesía, la prosa y el teatro; un análisis de los factores que, a lo largo del tiempo, han favorecido o perjudicado la producción literaria en ambas lenguas; y, finalmente, la experiencia personal de algunos autores ante el reto de escribir en aragonés y en catalán. En definitiva, un manual en el que, por primera vez y con conocimiento de causa, se aborda la creación literaria en aragonés y catalán en Aragón.</subfield>
  </datafield>
  <datafield tag="700" ind1=" " ind2=" ">
    <subfield code="a">Nagore Laín, Francho (eds.)</subfield>
  </datafield>
  <datafield tag="856" ind1="0" ind2=" ">
    <subfield code="f">agroca@unizar.es</subfield>
  </datafield>
  <datafield tag="856" ind1="4" ind2=" ">
    <subfield code="u">http://zaguan.unizar.es/record/118246/files/BOOK-2022-021.pdf</subfield>
    <subfield code="z">Texto completo</subfield>
    <subfield code="s">12257131</subfield>
  </datafield>
  <datafield tag="909" ind1="C" ind2="O">
    <subfield code="o">oai:zaguan.unizar.es:118246</subfield>
    <subfield code="p">books</subfield>
  </datafield>
  <datafield tag="980" ind1=" " ind2=" ">
    <subfield code="a">BOOK</subfield>
    <subfield code="b">PRENSASUZ</subfield>
  </datafield>
</record>
</collection>